Premier League Players with Best Goals/Club Goals Ratio (18) - Statistics

General Stats
  • This quiz has been taken 174 times
    153 since last reset
  • The average score is 8 of 20
Answer Stats
Goals Ratio % Club Player % Correct
30/74 40,5 Tottenham Hotspur Harry Kane
100%
20/56 35,7 Leicester City Jamie Vardy
98%
32/84 38,1 Liverpool Mohamed Salah
98%
16/68 23,5 Manchester United Romelu Lukaku
52%
10/36 27,8 Burnley Chris Wood
50%
9/45 20 Crystal Palace Wilfried Zaha
50%
10/44 22,7 Everton Wayne Rooney
45%
12/56 21,4 Leicester City Riyad Mahrez
44%
12/34 35,3 Brighton & Hove Albion Glenn Murray
40%
9/36 25 Burnley Ashley Barnes
38%
7/28 25 Swansea City Jordan Ayew
28%
11/48 22,9 West Ham United Marko Arnautović
18%
7/34 20,6 Brighton & Hove Albion Pascal Groß
18%
8/35 22,9 Stoke City Xherdan Shaqiri
16%
7/31 22,6 West Bromwich Albion Jay Rodriguez
14%
7/31 22,6 West Bromwich Albion Salomón Rondón
14%
8/39 20,5 Newcastle United Ayoze Pérez
13%
7/28 25 Huddersfield Town Steve Mounié
8%
6/28 21,4 Huddersfield Town Laurent Depoitre
5%
10/45 22,2 Crystal Palace Luka Milivojević
5%
No matching quizzes found
Score Distribution
Percent of People with Each Score
Percentile by Number Answered
Your Score History
You have not taken this quiz since the last reset